Daniel Caesar Songs: Sudden Death - Statistics

General Stats
  • This quiz has been taken 371 times
  • The average score is 13 of 18
Answers on the Grid
Answers color-coded by a green-red scale on the quiz's grid according to % correct below.
Peaches
No More Loving (On Women I Don't Love)
Ocho Rios
Japanese Denim
Homiesexual
TOO DEEP TO TURN BACK
Death & Taxes
Heartbreak Anniversary
Always
Best Part
We All Try
I'll Go Anywhere
Toronto 2014
In The Name Of God
We Find Love
ENTROPY
DIAMONDS FOR YOUR PAIN
MUD
COMPLEXITIES
Slow Dancing in a Burning Room
Valentina
Loose
Who Knows
Old Life
A Capella
Name Of God
Far
Good Days
Disillusioned
Transform
 
Answer Stats
Answer % Correct
Japanese Denim
90%
Best Part
88%
Always
83%
Toronto 2014
79%
Ocho Rios
78%
Loose
75%
Transform
75%
Homiesexual
74%
Who Knows
74%
Valentina
73%
Disillusioned
72%
We Find Love
72%
ENTROPY
67%
Death & Taxes
61%
TOO DEEP TO TURN BACK
61%
No More Loving (On Women I Don't Love)
59%
COMPLEXITIES
57%
A Capella
48%
No matching quizzes found
Score Distribution
Percent of People with Each Score
Percentile by Number Answered
Your Score History
You have not taken this quiz